Long Walk to Freedom : The Autobiography of Nelson Mandela (Record no. 328293)
[ view plain ]
| 000 -LEADER | |
|---|---|
| fixed length control field | 00354 a2200133 4500 |
| 001 - CONTROL NUMBER | |
| control field | 93220 |
| 003 - CONTROL NUMBER IDENTIFIER | |
| control field | NUST |
| 005 - DATE AND TIME OF LATEST TRANSACTION | |
| control field | 20180120131114.0 |
| 008 - FIXED-LENGTH DATA ELEMENTS--GENERAL INFORMATION | |
| fixed length control field | 180120b xxu||||| |||| 00| 0 eng d |
| 020 ## - INTERNATIONAL STANDARD BOOK NUMBER | |
| International Standard Book Number | 978-0-349-13962-3 |
| 082 ## - DEWEY DECIMAL CLASSIFICATION NUMBER | |
| Classification number | 968.064092/MAN |
| 100 ## - MAIN ENTRY--PERSONAL NAME | |
| Personal name | Mandela, Nelson |
| 9 (RLIN) | 9193 |
| 245 ## - TITLE STATEMENT | |
| Title | Long Walk to Freedom : The Autobiography of Nelson Mandela |
| 260 ## - PUBLICATION, DISTRIBUTION, ETC. | |
| Place of publication, distribution, etc. | London |
| Name of publisher, distributor, etc. | Abacus |
| Date of publication, distribution, etc. | 2014 |
| 300 ## - PHYSICAL DESCRIPTION | |
| Extent | ix,768p. |
| 942 ## - ADDED ENTRY ELEMENTS (KOHA) | |
| Institution code [OBSOLETE] | CAE NUST |
| Koha item type | Book |
| Call number prefix | 968.064092/MAN |
| Source of classification or shelving scheme | |
| Withdrawn status | Lost status | Damaged status | Not for loan | Collection code | Permanent Location | Current Location | Date acquired | Total Checkouts | Full call number | Barcode | Date last seen | Price effective from | Koha item type |
|---|---|---|---|---|---|---|---|---|---|---|---|---|---|
| College of Aeronautical Engineering (CAE) | College of Aeronautical Engineering (CAE) | 04/03/2017 | 968.064092/MAN | CAE89055 | 04/05/2017 | 04/05/2017 | Book |
